[Event "N1 Reykjavik Open 2014"]
[Site "Reykjavik, Iceland"]
[Date "2014.03.10"]
[Round "8.82"]
[White "Raddatz, Michael"]
[Black "Opasiak, Dustin Tennessee"]
[Result "0-1"]
[WhiteElo "2044"]
[BlackElo "1812"]
[EventDate "2014.03.04"]
[PlyCount "138"]

1. e4 e6 2. d4 d5 3. Nd2 Nc6 4. c3 e5 5. exd5 Qxd5 6. dxe5 Nxe5 7. Qe2 Be7
8. f4 Ng6 9. Ne4 Bf5 10. Ng3 O-O-O 11. Nxf5 Qxf5 12. g3 Kb8 13. Bh3 Qa5 
14. Nf3 Nf6 15. O-O Rhe8 16. Kh1 Bd6 17. Qc2 Qh5 18. Qf5 Qh6 19. Bg2 Ne4 
20. Qh3 Qxh3 21. Bxh3 Bc5 22. Bf5 Nf2+ 23. Kg2 Nd1 24. Nd4 Bxd4 25. Rxd1 
Bb6 26. Bd3 a6 27. b4 Ne7 28. c4 Bd4 29. Rb1 Nc6 30. b5 axb5 31. cxb5 Na7 
32. a4 h6 33. f5 Bc3 34. Bf4 Be5 35. Bxe5 Rxe5 36. Kf3 Nc8 37. Be4 Rde8 
38. Bc2 Re3+ 39. Kf4 Re2 40. Rbc1 Nd6 41. b6 Nc4 42. bxc7+ Kc8 43. Bd3 
Rf2+ 44. Kg4 Ne3+ 45. Kh3 Nxd1 46. Rxd1 Kxc7 47. Rc1+ Kb6 48. Rb1+ Ka7 49.
 Rb4 Rd2 50. Bb5 Re5 51. Rg4 Rxf5 52. Rxg7 Rff2 53. Kg4 f5+ 54. Kh5 Rxh2+ 
55. Kg6 f4 56. gxf4 Rdg2+ 57. Kf6 Rxg7 58. Kxg7 Rf2 59. Kxh6 Rxf4 60. Kg5 
Rf2 61. Kg4 Kb6 62. Bd7 Ka5 63. Be8 Ra2 64. Kf4 Rxa4+ 65. Ke3 Rc4 66. Kd3 
Rc7 67. Kd2 b5 68. Bg6 Ka4 69. Bc2+ Ka3 0-1

[Event "N1 Reykjavik Open 2014"]
[Site "Reykjavik, Iceland"]
[Date "2014.03.10"]
[Round "8.83"]
[White "Forsa, Elise"]
[Black "Andersen, Per O"]
[Result "0-1"]
[WhiteElo "1830"]
[BlackElo "2042"]
[EventDate "2014.03.04"]
[PlyCount "0"]

1. e4 d5 2. exd5 Nf6 3. d4 Bg4 4. Bb5+ Nbd7 5. f3 Bf5 6. c4 e6 7. dxe6 
Bxe6 8. d5 Bf5 9. Ne2 Bc5 10. Nd4 Qe7+ 11. Kf2 O-O 12. Be3 Bg6 13. Re1 Ne5
14. Kf1 Nd3 15. Re2 a6 16. Bg1 Qd6 17. Ba4 Qb6 18. Bc2 Bxd4 19. Bxd4 Qxd4 
20. Rd2 Qxb2 21. Bxd3 Bxd3+ 22. Rxd3 Qxa1 23. Qb3 Qe5 24. Re3 Qd6 25. Nc3 
Rfe8 26. Ne4 Nxe4 27. fxe4 Qf4+ 0-1

[Event "N1 Reykjavik Open 2014"]
[Site "Reykjavik, Iceland"]
[Date "2014.03.10"]
[Round "8.84"]
[White "Hardarson, Jon Trausti"]
[Black "Kilthau, Peter"]
[Result "1-0"]
[WhiteElo "2033"]
[BlackElo "1886"]
[EventDate "2014.03.04"]
[PlyCount "0"]

1. d4 e6 2. e4 b6 3. Nc3 Bb7 4. f4 d5 5. e5 Bb4 6. Nf3 Nd7 7. Be2 c5 8. 
O-O Ne7 9. Nb5 cxd4 10. Nbxd4 Nc6 11. a3 Bc5 12. b4 Bxd4+ 13. Nxd4 Nxd4 
14. Qxd4 Rc8 15. Bd3 Qc7 16. Bb2 g6 17. f5 gxf5 18. Bxf5 Qc4 19. Qf2 d4 
20. Bd3 Qd5 21. Rae1 Rf8 22. Be4 Qa2 23. Bxb7 Rc7 24. Qxd4 Rxb7 25. Qc3 
Kd8 26. Rd1 Rc7 27. Qd4 Kc8 28. Rd2 Qc4 29. Qd6 Re8 30. Rxf7 Qe4 31. Qd4 
1-0

[Event "N1 Reykjavik Open 2014"]
[Site "Reykjavik, Iceland"]
[Date "2014.03.10"]
[Round "8.85"]
[White "Johansen, Arnt-Ole"]
[Black "Carlsen, Henrik"]
[Result "1-0"]
[WhiteElo "1829"]
[BlackElo "2027"]
[EventDate "2014.03.04"]
[PlyCount "0"]

1. d4 Nf6 2. c4 e6 3. Nc3 Bb4 4. Qc2 d5 5. a3 Bxc3+ 6. Qxc3 Ne4 7. Qc2 f5 
8. e3 c6 9. Bd3 O-O 10. f3 Qh4+ 11. Kf1 Ng3+ 12. hxg3 Qxh1 13. Kf2 Qh5 14.
 Bd2 a5 15. f4 Nd7 16. Nf3 Nf6 17. Ne5 Ng4+ 18. Nxg4 Qxg4 19. c5 Qh5 20. 
Qb3 Qe8 21. Qb6 Qd8 22. Rc1 h6 23. Qb3 Bd7 24. Qb6 g5 25. Bc3 Re8 26. Rh1 
Qxb6 27. cxb6 Kg7 28. Bd2 Kg6 29. Rc1 h5 30. Rc5 Rh8 31. Bf1 h4 32. gxh4 
Rxh4 33. fxg5 Kxg5 34. Bxa5 f4 35. Bd2 fxe3+ 36. Bxe3+ Kg6 37. Be2 Rf8+ 
38. Bf3 Rh1 39. Rc2 Kg7 40. Kg3 Kf7 41. Bg5 Rf1 42. Rd2 Kg6 43. Be7 Rg8 
44. Kf4 Rh8 45. Ke5 Kf7 46. Kd6 Bc8 47. Bg5 Kg6 48. Be7 Rfh1 49. g3 R1h7 
50. Bd1 Rf7 51. Bc2+ Kg7 52. Re2 Re8 53. Bg5 Ref8 54. Bf4 Kg8 55. Rh2 Rxf4
56. gxf4 Rxf4 57. Kc7 Rf8 58. Rg2+ Kh8 59. a4 Re8 60. a5 e5 61. dxe5 c5 
62. Ba4 Rf8 63. Bd7 Bxd7 64. Kxd7 d4 65. e6 Rf5 66. a6 bxa6 67. b7 Rd5+ 
68. Kc7 1-0

[Event "N1 Reykjavik Open 2014"]
[Site "Reykjavik, Iceland"]
[Date "2014.03.10"]
[Round "8.86"]
[White "Van der Merwe, Cecile H."]
[Black "Hauksson, Hordur Aron"]
[Result "1/2-1/2"]
[WhiteElo "2026"]
[BlackElo "1756"]
[EventDate "2014.03.04"]
[PlyCount "0"]

1. e4 c5 2. Nf3 d6 3. d4 cxd4 4. Qxd4 Nc6 5. Bb5 Bd7 6. Bxc6 Bxc6 7. Nc3 
Nf6 8. Bg5 e6 9. O-O-O Be7 10. Qd3 Qa5 11. Bd2 Rc8 12. Kb1 Qb6 13. h3 O-O 
14. Be3 Qa5 15. Nd4 Nd7 16. Nb3 Qc7 17. f4 b5 18. Rd2 b4 19. Nb5 Bxb5 20. 
Qxb5 Nf6 21. Qd3 d5 22. e5 Ne4 23. Rdd1 a5 24. Bd4 a4 25. Nd2 Nxd2+ 26. 
Rxd2 Qa5 27. Rc1 Rc6 28. c4 b3 29. Bc3 bxa2+ 30. Kxa2 Qb6 31. Bd4 Qa5 32. 
Bc3 Qb6 33. Bd4 Qb4 34. Rdc2 Rfc8 35. c5 Rb8 36. Qc3 Qb5 37. Rd2 1/2-1/2

[Event "N1 Reykjavik Open 2014"]
[Site "Reykjavik, Iceland"]
[Date "2014.03.10"]
[Round "8.87"]
[White "Omtvedt, Per"]
[Black "Hisnay, Gregory"]
[Result "1-0"]
[WhiteElo "2008"]
[BlackElo "1705"]
[EventDate "2014.03.04"]
[PlyCount "0"]

1. e4 e5 2. Nf3 Nc6 3. Bb5 a6 4. Ba4 Nf6 5. O-O Be7 6. Re1 d6 7. c3 O-O 8.
 h3 b5 9. Bc2 Bb7 10. d4 Re8 11. Nbd2 Qd7 12. Nf1 g6 13. Ng3 Bf8 14. Bg5 
Bg7 15. Qd2 Nd8 16. Rad1 Qe7 17. d5 Qf8 18. b3 Nd7 19. c4 f6 20. Be3 Nf7 
21. Qa5 Rec8 22. cxb5 axb5 23. Qxb5 Nb6 24. a4 Ba6 25. Qb4 Rab8 26. Qc3 
Nh6 27. b4 f5 28. Bxh6 Bxh6 29. exf5 Nxa4 30. Bxa4 gxf5 31. Bd7 f4 32. Nf5
Bg7 33. Be6+ Kh8 34. Ng5 h6 35. Nf7+ Kh7 36. Qc2 Rxb4 37. N5xd6+ e4 38. 
Nxe4 1-0

[Event "N1 Reykjavik Open 2014"]
[Site "Reykjavik, Iceland"]
[Date "2014.03.10"]
[Round "8.88"]
[White "Tijssens, Rob"]
[Black "Johannsson, Orn Leo"]
[Result "0-1"]
[WhiteElo "1782"]
[BlackElo "1999"]
[EventDate "2014.03.04"]
[PlyCount "90"]

1. d4 d5 2. c4 c6 3. Nf3 e6 4. Nc3 Nf6 5. g3 Nbd7 6. Bg2 Be7 7. O-O dxc4 
8. e4 O-O 9. Bf4 Re8 10. Qc2 b5 11. a3 Bb7 12. Rad1 a6 13. Ne5 Nxe5 14. 
Bxe5 Qb6 15. Bxf6 Bxf6 16. e5 Be7 17. Be4 g6 18. h4 Rad8 19. h5 Kg7 20. 
hxg6 hxg6 21. Ne2 c5 22. dxc5 Bxe4 23. Qxe4 Qxc5 24. Rd4 Rd5 25. Rxd5 Qxd5
26. Nc3 Qxe4 27. Nxe4 Rd8 28. Kg2 Rd3 29. Rc1 f5 30. exf6+ Bxf6 31. Nxf6 
Kxf6 32. Rc2 e5 33. Kf1 e4 34. Ke2 Ke5 35. a4 Kd4 36. axb5 axb5 37. Rc1 e3
38. fxe3+ Rxe3+ 39. Kf2 Rb3 40. Rd1+ Rd3 41. Re1 Rd2+ 42. Kf3 Rxb2 43. Re6
c3 44. Rxg6 c2 45. Rc6 Rb3+ 0-1

[Event "N1 Reykjavik Open 2014"]
[Site "Reykjavik, Iceland"]
[Date "2014.03.10"]
[Round "8.89"]
[White "Michalowski, Peter"]
[Black "Ontiveros, John"]
[Result "1/2-1/2"]
[WhiteElo "1985"]
[BlackElo "1710"]
[EventDate "2014.03.04"]
[PlyCount "0"]

1. e4 e5 2. Nf3 Nc6 3. Bb5 Nf6 4. Qe2 a6 5. Ba4 b5 6. Bb3 Na5 7. O-O Nxb3 
8. axb3 d6 9. d4 exd4 10. Nxd4 Bb7 11. e5 dxe5 12. Qxe5+ Qe7 13. Qg3 O-O-O
14. Be3 Qe4 15. Nd2 Qg4 16. c3 Qxg3 17. fxg3 Ng4 18. Bf4 Bc5 19. h3 Nf6 
20. Be5 Nd5 21. Bxg7 Rhg8 22. Rxf7 Ne3 23. Be5 Bb6 24. N2f3 Rdf8 25. Rxh7 
Nf5 26. Kh2 Nxd4 27. cxd4 Bxf3 28. gxf3 Rxf3 29. Rxa6 Kb7 30. Rxb6+ Kxb6 
31. Bxc7+ Kc6 32. Be5 Rxb3 33. Rc7+ Kd5 34. Rc2 Ra8 35. h4 Ke6 36. h5 Kf5 
37. h6 Kg6 38. Bg7 Re8 39. Rg2 Rbe3 40. Be5 Re1 41. Rd2 Kxh6 42. Kg2 Kg6 
43. Kf2 Rh1 44. Ke3 Kf5 45. Kd3 Rc8 46. Rf2+ Kg4 47. Ke4 Re1+ 48. Kd5 Re3 
49. Ke6 Rd8 50. Rf4+ Kxg3 51. Rf7+ Kg4 52. Rb7 Rxd4 53. Rxb5 Rde4 54. Kd6 
Kf3 55. Bc3 Rd3+ 56. Kc5 Re8 57. Kc4 Ke4 58. Rc5 Rdd8 59. b4 Rc8 60. Bg7 
1/2-1/2

[Event "N1 Reykjavik Open 2014"]
[Site "Reykjavik, Iceland"]
[Date "2014.03.10"]
[Round "8.90"]
[White "Thorsteinsdottir, Hallgerdur"]
[Black "Morkedal, Oyvind"]
[Result "1-0"]
[WhiteElo "1967"]
[BlackElo "1704"]
[EventDate "2014.03.04"]
[PlyCount "0"]

1. e4 e5 2. Nf3 Nc6 3. Bc4 Bc5 4. c3 Nf6 5. d3 a6 6. Bb3 Ba7 7. Nbd2 d6 8.
 Nf1 Be6 9. Ng3 h6 10. O-O O-O 11. Be3 Bxe3 12. fxe3 Qd7 13. d4 Bxb3 14. 
axb3 Rfe8 15. Qc2 Qg4 16. Rae1 d5 17. exd5 Nxd5 18. c4 Ndb4 19. Qc3 exd4 
20. exd4 a5 21. d5 Rxe1 22. Rxe1 Na2 23. Qe3 Ncb4 24. Qe7 Nc2 25. Re4 Qc8 
26. Ne5 f6 27. Qf7+ Kh8 28. Ng6+ Kh7 29. Nh5 Qg8 30. Nxf6# 1-0

[Event "N1 Reykjavik Open 2014"]
[Site "Reykjavik, Iceland"]
[Date "2014.03.10"]
[Round "8.91"]
[White "Longo, Tyler"]
[Black "Kjartansson, Dagur"]
[Result "1-0"]
[WhiteElo "1961"]
[BlackElo "1662"]
[EventDate "2014.03.04"]
[PlyCount "67"]

1. d4 e6 2. Nf3 d5 3. e3 Nf6 4. Bd3 Bd6 5. O-O O-O 6. b3 b6 7. Bb2 Bb7 8. 
Ne5 Nbd7 9. Nd2 Rc8 10. f4 Ne4 11. Rf3 f5 12. Bxe4 fxe4 13. Rh3 Nxe5 14. 
fxe5 Be7 15. Qh5 h6 16. Qg6 Kh8 17. Rg3 Rg8 18. Rf1 Bh4 19. Rg4 Bc6 20. 
Rxh4 Qxh4 21. Qxe6 Bb7 22. Ba3 c5 23. Qf7 Ba6 24. g3 Qg5 25. Rf4 cxd4 26. 
exd4 Qd8 27. e6 e3 28. Nf3 Qe8 29. Qf5 e2 30. Kf2 Rc6 31. Ng5 g6 32. Qe5+ 
Rg7 33. Rf8+ Qxf8+ 34. Bxf8 1-0

[Event "N1 Reykjavik Open 2014"]
[Site "Reykjavik, Iceland"]
[Date "2014.03.10"]
[Round "8.92"]
[White "Bjornsson, Eirikur K"]
[Black "Jonsson, Gauti Pall"]
[Result "0-1"]
[WhiteElo "1958"]
[BlackElo "1618"]
[EventDate "2014.03.04"]
[PlyCount "74"]

1. c4 Nf6 2. Nc3 g6 3. e4 d6 4. d4 Bg7 5. Nge2 O-O 6. Ng3 e5 7. d5 Ne8 8. 
Be2 f5 9. exf5 gxf5 10. f4 Qh4 11. O-O Bh6 12. Nh5 Ng7 13. g3 Qe7 14. Be3 
Na6 15. Qd2 Nxh5 16. Bxh5 Bd7 17. Rae1 Be8 18. Bd1 e4 19. Kh1 Nc5 20. Bc2 
a5 21. b3 Bh5 22. Bd4 Qf7 23. a3 Bf3+ 24. Kg1 Qh5 25. b4 axb4 26. axb4 Nd7
27. Nd1 Ne5 28. Ne3 Bxf4 29. gxf4 Kf7 30. fxe5 Rg8+ 31. Ng2 Qh3 32. e6+ 
Ke7 33. Rf2 Rg4 34. Bd1 Rag8 35. Ree2 Rh4 36. Be5 dxe5 37. d6+ cxd6 0-1

[Event "N1 Reykjavik Open 2014"]
[Site "Reykjavik, Iceland"]
[Date "2014.03.10"]
[Round "8.93"]
[White "Andersen, Niels Erik"]
[Black "Szumniak, Jedrzej"]
[Result "1-0"]
[WhiteElo "1940"]
[BlackElo "1618"]
[EventDate "2014.03.04"]
[PlyCount "0"]

1. d4 Nf6 2. c4 c5 3. d5 b5 4. cxb5 a6 5. bxa6 Bxa6 6. Nc3 g6 7. Nf3 Bg7 
8. d6 e6 9. g3 Nc6 10. Bg2 O-O 11. O-O Qb6 12. Re1 Rfb8 13. Rb1 Ng4 14. 
Qd2 Ra7 15. Na4 Qb5 16. b3 Bc8 17. Bb2 Bxb2 18. Nxb2 Rxa2 19. Qf4 f5 20. 
Nd3 Ra3 21. h3 Nf6 22. Nfe5 Nxe5 23. Qxe5 Kf7 24. Qc3 Rxb3 25. Rxb3 Qxb3 
26. Qxc5 Qb6 27. Rc1 Qxc5 28. Nxc5 Rb6 29. e4 fxe4 30. Nxe4 Ba6 31. Rc7 
Nxe4 32. Rxd7+ Kf6 33. Bxe4 Ke5 34. Bf3 Rxd6 35. Rxh7 Kf6 36. h4 Bd3 37. 
Ra7 Bf5 38. g4 Bd3 39. Ra5 Ra6 40. Rxa6 Bxa6 41. Kg2 e5 42. Be4 g5 43. h5 
Be2 44. f3 Bc4 45. Kf2 Bb3 46. Ke1 Kg7 47. Kd2 Kh6 48. Kc3 Bf7 49. Kb4 
Bxh5 50. gxh5 Kxh5 51. Bf5 Kh4 52. Kc4 Kg3 53. Bg4 e4 54. fxe4 Kxg4 55. e5
Kf5 56. Kd5 g4 57. e6 g3 58. e7 Kf4 59. e8=Q g2 60. Qe1 1-0

[Event "N1 Reykjavik Open 2014"]
[Site "Reykjavik, Iceland"]
[Date "2014.03.10"]
[Round "8.94"]
[White "Sigurdsson, Birkir Karl"]
[Black "Thorsteinsdottir, Gudlaug"]
[Result "1-0"]
[WhiteElo "1738"]
[BlackElo "2056"]
[EventDate "2014.03.04"]
[PlyCount "0"]

1. d4 d5 2. c4 c6 3. cxd5 cxd5 4. Nc3 Nf6 5. Bf4 Nc6 6. Nf3 e6 7. e3 Bd6 
8. Bxd6 Qxd6 9. Bd3 O-O 10. O-O a6 11. a3 b5 12. Rc1 Bb7 13. b4 Rac8 14. 
Nd2 e5 15. Nb3 Rc7 16. Bxb5 axb5 17. Nxb5 Qe7 18. Nxc7 Qxc7 19. b5 e4 20. 
bxc6 Bxc6 21. h3 Qd6 22. Nc5 g6 23. a4 Nh5 24. Qc2 Ba8 25. a5 f5 26. g3 
Nxg3 27. fxg3 Qxg3+ 28. Qg2 Qxe3+ 29. Kh2 f4 30. Ne6 Rf5 31. Rc8+ Kf7 32. 
Rxa8 Kxe6 33. Rb8 f3 34. Rb6+ Kf7 35. Rb7+ 1-0

[Event "N1 Reykjavik Open 2014"]
[Site "Reykjavik, Iceland"]
[Date "2014.03.10"]
[Round "8.95"]
[White "Baldursson, Haraldur"]
[Black "Kristinardottir, Elsa Maria"]
[Result "1/2-1/2"]
[WhiteElo "2027"]
[BlackElo "1822"]
[EventDate "2014.03.04"]
[PlyCount "88"]

1. d4 d5 2. c4 e5 3. dxe5 d4 4. Nf3 Nc6 5. g3 Nge7 6. Bg2 Ng6 7. O-O Ngxe5
8. Nxe5 Nxe5 9. Re1 Bc5 10. Nd2 O-O 11. b3 d3 12. e3 Bg4 13. f3 Bh5 14. 
Bb2 Re8 15. Kh1 Nc6 16. g4 Bg6 17. f4 h6 18. f5 Bh7 19. Ne4 Be7 20. Qf3 
Bh4 21. Red1 Ne5 22. Qf4 Nc6 23. a3 Na5 24. Nc5 Bg5 25. Qd4 Qxd4 26. Bxd4 
Bxe3 27. Bxe3 Rxe3 28. Rxd3 Rae8 29. Rxe3 Rxe3 30. Rd1 Kf8 31. Nxb7 Nxb7 
32. Bxb7 Rxb3 33. Bc6 Ke7 34. Rd7+ Kf6 35. Rxc7 h5 36. Bd5 hxg4 37. Rxf7+ 
Ke5 38. Rxg7 Bxf5 39. Rxa7 Kf4 40. Kg2 Rb2+ 41. Kg1 Rb1+ 42. Kf2 Rb2+ 43. 
Kg1 Rb1+ 44. Kf2 Rb2+ 1/2-1/2

[Event "N1 Reykjavik Open 2014"]
[Site "Reykjavik, Iceland"]
[Date "2014.03.10"]
[Round "8.96"]
[White "Sielicki, Tomasz"]
[Black "Hansen, Erle Andrea Marki"]
[Result "1-0"]
[WhiteElo "2019"]
[BlackElo "1810"]
[EventDate "2014.03.04"]
[PlyCount "93"]

1. d4 Nf6 2. c4 g6 3. Nc3 Bg7 4. Bf4 d6 5. e3 O-O 6. Nf3 a6 7. h3 Nbd7 8. 
Be2 c5 9. O-O cxd4 10. exd4 b6 11. Re1 Bb7 12. Nd2 e5 13. Be3 Qc7 14. Rc1 
Rad8 15. Bf3 Kh8 16. Bxb7 Qxb7 17. d5 Ne8 18. Nde4 h6 19. f3 f5 20. Nf2 
Nef6 21. Nd3 Rc8 22. Qb3 Qc7 23. Ne2 Nc5 24. Qd1 f4 25. Bxc5 bxc5 26. Nc3 
Rb8 27. b3 Ng8 28. Ne4 Qd7 29. Qd2 Ne7 30. Ndf2 Nf5 31. Ng4 Nd4 32. Qf2 g5
33. h4 h5 34. hxg5 hxg4 35. Qh4+ Kg8 36. g6 Rfd8 37. fxg4 Kf8 38. g5 Qf5 
39. Qh7 Rd7 40. Rc3 Qg4 41. Rh3 f3 42. g3 Rbb7 43. Kf2 Ne2 44. Rh4 Qf5 45.
 Reh1 a5 46. Nf6 Bxf6 47. g7+ 1-0

[Event "N1 Reykjavik Open 2014"]
[Site "Reykjavik, Iceland"]
[Date "2014.03.10"]
[Round "8.97"]
[White "Heimisson, Hilmir Freyr"]
[Black "Klyszcz, Michael"]
[Result "1-0"]
[WhiteElo "1761"]
[BlackElo "2011"]
[EventDate "2014.03.04"]
[PlyCount "67"]

1. e4 d5 2. exd5 Qxd5 3. Nc3 Qd6 4. Bc4 Nf6 5. d3 a6 6. Nge2 b5 7. Bb3 Bb7
8. f3 Nbd7 9. Bf4 e5 10. Bg3 Qb6 11. Ne4 Be7 12. Bf2 c5 13. N2g3 Nxe4 14. 
fxe4 g6 15. O-O Qc6 16. c3 Nb6 17. d4 c4 18. Bc2 Rd8 19. Qf3 O-O 20. Be3 
Kg7 21. Qf2 Nd7 22. Qd2 Kh8 23. d5 Qc7 24. Bh6 Rg8 25. Rxf7 Nf6 26. Kh1 
Bc8 27. Rf1 Rd6 28. Qg5 Qd8 29. Qxe5 Re8 30. Nh5 Bf8 31. Nxf6 Rxf6 32. 
R1xf6 Bxh6 33. Rf8+ Kg7 34. R6f7# 1-0

[Event "N1 Reykjavik Open 2014"]
[Site "Reykjavik, Iceland"]
[Date "2014.03.10"]
[Round "8.98"]
[White "Murray, Michael A"]
[Black "Norlander, Svante"]
[Result "1-0"]
[WhiteElo "2004"]
[BlackElo "1754"]
[EventDate "2014.03.04"]
[PlyCount "53"]

1. e4 c5 2. Nc3 Nc6 3. g3 g6 4. d3 Bg7 5. Bg2 e6 6. Be3 Nd4 7. Nce2 Nxe2 
8. Nxe2 Bxb2 9. Rb1 Qa5+ 10. Bd2 Qa3 11. Rxb2 Qxb2 12. Bc3 Qxa2 13. Bxh8 
f6 14. O-O Kf7 15. e5 Rb8 16. exf6 b5 17. Nc3 Qb2 18. Ne4 Qe5 19. f4 Qd4+ 
20. Kh1 Nxf6 21. Bxf6 Qb4 22. Be5 Rb6 23. Nd6+ Rxd6 24. Bxd6 a5 25. Qa1 
Kg8 26. Qf6 Ba6 27. Qf8# 1-0

[Event "N1 Reykjavik Open 2014"]
[Site "Reykjavik, Iceland"]
[Date "2014.03.10"]
[Round "8.99"]
[White "Kolka, Dawid"]
[Black "Aubert, Carsten"]
[Result "0-1"]
[WhiteElo "1736"]
[BlackElo "1997"]
[EventDate "2014.03.04"]
[PlyCount "0"]

1. e4 e5 2. Nf3 Nc6 3. Bb5 a6 4. Bxc6 dxc6 5. O-O f6 6. Nc3 Ne7 7. h3 c5 
8. d3 Be6 9. Be3 Nc6 10. Ne2 Nd4 11. Ng3 g6 12. Re1 b6 13. Nxd4 cxd4 14. 
Bd2 Bd6 15. c3 dxc3 16. Bxc3 c5 17. a3 O-O 18. Qe2 Qe7 19. Rab1 Ba2 20. 
Rbc1 Be6 21. Rb1 Bb3 22. Qd2 Rad8 23. Ne2 Rd7 24. Nc1 Be6 25. b4 Rfd8 26. 
Re3 Qf7 27. Rf3 Qe7 28. Re3 Rc7 29. Ne2 Rcd7 30. Nc1 b5 31. Qb2 Bf7 32. 
Rf3 Rc8 33. Ne2 Rc6 34. Re3 Be6 35. Rf3 Bf7 36. Re3 Rc8 37. Rf3 Rdc7 38. 
Re3 Rc6 39. Kh1 Rd8 40. Kg1 Rc7 41. Rf3 Rcd7 42. Nc1 Kg7 43. Kh1 Rc8 44. 
Ne2 Rc6 45. Re3 Rdc7 46. Kg1 Rd7 47. Rf3 Rcc7 48. Re3 a5 49. bxa5 b4 50. 
axb4 cxb4 51. Be1 Bc5 52. Rf3 Ra7 53. Ra1 Qd8 54. a6 Qb6 55. Bd2 Rxa6 56. 
Rxa6 Qxa6 57. Be3 Qd6 58. Nc1 Bd4 59. Qb1 Ra7 60. Nb3 Ra3 61. Nxd4 exd4 
62. Bd2 b3 63. Qc1 Ra8 64. Bf4 Qb6 65. e5 b2 66. exf6+ Kh8 67. Qe1 b1=Q 
68. Bc1 Qc7 0-1

[Event "N1 Reykjavik Open 2014"]
[Site "Reykjavik, Iceland"]
[Date "2014.03.10"]
[Round "8.100"]
[White "Arvidsson, Jonas"]
[Black "Holm, Fridgeir K"]
[Result "1-0"]
[WhiteElo "1992"]
[BlackElo "1729"]
[EventDate "2014.03.04"]
[PlyCount "0"]

1. e4 e5 2. Nf3 Nc6 3. d4 exd4 4. Nxd4 Bc5 5. Nxc6 Qf6 6. Qf3 Qxc6 7. Nc3 
Nf6 8. Bg5 Bd4 9. Bd2 O-O 10. Bd3 d6 11. Qg3 Ng4 12. Rf1 a6 13. h3 Ne5 14.
 Nd5 Ng6 15. c3 Ba7 16. h4 Be6 17. h5 Bxd5 18. exd5 Rae8+ 19. Kd1 Qxd5 20.
 hxg6 fxg6 21. Kc2 b5 22. Qh4 Qxg2 23. Rh1 h6 24. Rh2 Bxf2 25. Rxg2 Bxh4 
26. Bxg6 Re7 27. Rh1 Rf2 28. Rxf2 Bxf2 29. Rh2 Bg3 30. Rg2 Be5 31. Bd3 Kf8
32. a4 c6 33. axb5 axb5 34. Rg1 Ra7 35. Rf1+ Rf7 36. Rxf7+ Kxf7 37. Be4 d5
38. Bf5 Ke7 39. Be3 Kd6 40. b4 g5 41. Bg4 Bf6 42. Kd3 Bg7 43. Bd4 Be5 44. 
Bxe5+ Kxe5 45. Ke3 d4+ 46. cxd4+ Kd5 47. Kd3 Kd6 48. Ke4 Kc7 49. Ke5 Kb6 
50. Kd6 Kb7 51. Bh5 Kb6 52. Bf3 1-0

[Event "N1 Reykjavik Open 2014"]
[Site "Reykjavik, Iceland"]
[Date "2014.03.10"]
[Round "8.103"]
[White "Plater, Ronald"]
[Black "Halldorsson, Haukur"]
[Result "1-0"]
[WhiteElo "1938"]
[BlackElo "1669"]
[EventDate "2014.03.04"]
[PlyCount "89"]

1. d4 d5 2. Nf3 h6 3. c4 c6 4. Nc3 Nf6 5. e3 e6 6. Bd3 Nbd7 7. O-O dxc4 8.
 Bxc4 b5 9. Bd3 Bb7 10. a3 Bd6 11. b4 a5 12. bxa5 Qxa5 13. Bb2 O-O 14. e4 
Bc7 15. e5 Nd5 16. Nxd5 cxd5 17. Qe2 Ba6 18. Rfc1 Rfc8 19. Bc3 Qb6 20. Bb4
Bd8 21. Bc2 Rc4 22. Qd3 g6 23. Bb3 Rxc1+ 24. Rxc1 Rc8 25. Rxc8 Bxc8 26. h3
Qc6 27. Qe3 h5 28. Qh6 Bb7 29. Ne1 Bb6 30. Qf4 Qc8 31. g4 hxg4 32. h4 Kg7 
33. h5 Qh8 34. hxg6 fxg6 35. Qxg4 Qe8 36. Bc2 Qf7 37. Nf3 Bc6 38. Bd6 Bd8 
39. Bd3 Nb6 40. Bb4 Nc4 41. Nh4 Bxh4 42. Qxh4 Qf3 43. Be7 Qh5 44. Qf6+ Kh7
45. Qf7+ 1-0

[Event "N1 Reykjavik Open 2014"]
[Site "Reykjavik, Iceland"]
[Date "2014.03.10"]
[Round "8.104"]
[White "Flodmark, Tarras"]
[Black "Steingrimsson, Karl Egill"]
[Result "1/2-1/2"]
[WhiteElo "1922"]
[BlackElo "1663"]
[EventDate "2014.03.04"]
[PlyCount "0"]

1. d4 Nf6 2. Nf3 d5 3. c4 c6 4. Nc3 e6 5. e3 Be7 6. Bd3 Nbd7 7. O-O dxc4 
8. Bxc4 Nd5 9. e4 Nxc3 10. bxc3 O-O 11. Qe2 b5 12. Bd3 a5 13. Re1 Qc7 14. 
e5 Re8 15. Qe4 Nf8 16. Bg5 Bb7 17. Qh4 c5 18. Bxb5 Bxf3 19. gxf3 Bxg5 20. 
Qxg5 Reb8 21. a4 cxd4 22. cxd4 h6 23. Qe3 Rd8 24. Rac1 Qe7 25. Rc4 Ng6 26.
 Kh1 Nh4 27. Rec1 Nf5 28. Qe4 Qg5 29. Rg1 Qd2 30. Qe1 Rxd4 31. Rxd4 Qxd4 
32. Rg4 Qb2 33. Qe2 Qc1+ 34. Kg2 Rd8 35. Bd3 h5 36. Rc4 Qg5+ 37. Kf1 Nh4 
38. Qe4 Qg2+ 39. Ke2 Nf5 40. Qf4 Rb8 41. Bxf5 exf5 42. Rc2 Qg6 1/2-1/2

[Event "N1 Reykjavik Open 2014"]
[Site "Reykjavik, Iceland"]
[Date "2014.03.10"]
[Round "8.105"]
[White "Einarsson, Oskar Long"]
[Black "Haraldsson, Oskar"]
[Result "1/2-1/2"]
[WhiteElo "1599"]
[BlackElo "1897"]
[EventDate "2014.03.04"]
[PlyCount "35"]

1. e4 d6 2. d4 Nf6 3. Nc3 g6 4. Nf3 Bg7 5. Be2 O-O 6. O-O c6 7. h3 Qc7 8. 
Be3 e5 9. Qd2 Re8 10. dxe5 dxe5 11. Rad1 Be6 12. Ng5 Nbd7 13. Nxe6 Rxe6 
14. Bc4 Ree8 15. Qd6 Qxd6 16. Rxd6 Bf8 17. Rd3 Nc5 18. Bxc5 1/2-1/2

[Event "N1 Reykjavik Open 2014"]
[Site "Reykjavik, Iceland"]
[Date "2014.03.10"]
[Round "8.106"]
[White "Birkisson, Bjorn Holm"]
[Black "Johannsdottir, Johanna Bjorg"]
[Result "0-1"]
[WhiteElo "1598"]
[BlackElo "1865"]
[EventDate "2014.03.04"]
[PlyCount "0"]

1. e4 c5 2. Nc3 Nc6 3. d3 g6 4. g3 Bg7 5. Bg2 e6 6. f4 Nge7 7. Nf3 a6 8. 
Rb1 b5 9. Be3 d6 10. O-O Bb7 11. h3 Rc8 12. Qe1 Nd4 13. Qf2 b4 14. Nd1 
Ndc6 15. g4 Ba8 16. Ng5 h6 17. f5 gxf5 18. exf5 exf5 19. gxf5 Be5 20. Ne4 
Nd4 21. f6 Nd5 22. c3 Ne6 23. Qc2 Kd7 24. a3 a5 25. Qd2 Nxe3 26. Nxe3 Rg8 
27. Ng4 h5 28. Nxe5+ dxe5 29. Rf2 Ke8 30. Kh1 Nf4 31. Rd1 Qd7 32. Kh2 Rg6 
33. Qe3 c4 34. d4 b3 35. Rdd2 Nd3 36. Rfe2 exd4 37. cxd4 Kf8 38. Bf3 Qc7+ 
39. Kh1 Nf4 40. Rh2 Re8 41. Rd1 Rg3 42. Re1 Bxe4 0-1

[Event "N1 Reykjavik Open 2014"]
[Site "Reykjavik, Iceland"]
[Date "2014.03.10"]
[Round "8.109"]
[White "Sjol, Henrik"]
[Black "Roets, Marius H"]
[Result "1-0"]
[WhiteElo "1853"]
[BlackElo "1437"]
[EventDate "2014.03.04"]
[PlyCount "73"]

1. d4 Nf6 2. c4 g6 3. g3 Bg7 4. Bg2 O-O 5. Nc3 c6 6. e4 d6 7. h3 e5 8. Nf3
exd4 9. Nxd4 Nbd7 10. O-O Nc5 11. Be3 Re8 12. Qc2 Qc7 13. Rad1 Be6 14. 
Ndb5 cxb5 15. Nxb5 Qa5 16. Nxd6 Rf8 17. f4 Na6 18. e5 Ne8 19. Nxb7 Qb4 20.
 b3 f6 21. Nd6 Rd8 22. Nxe8 Rfxe8 23. Rd6 Rxd6 24. exd6 Qxd6 25. Rd1 Qc7 
26. Qf2 Bf8 27. Bxa7 Bc5 28. Bxc5 Qxc5 29. Qxc5 Nxc5 30. Bd5 Bxd5 31. Rxd5
Ne4 32. a4 Rb8 33. Rb5 Rc8 34. a5 Nc3 35. Rb6 Ra8 36. a6 Ra7 37. Rb8+ 1-0

[Event "N1 Reykjavik Open 2014"]
[Site "Reykjavik, Iceland"]
[Date "2014.03.10"]
[Round "8.110"]
[White "Lee, Gudmundur Kristinn"]
[Black "Stolberg-Rohr, Thomine"]
[Result "1-0"]
[WhiteElo "1649"]
[BlackElo "1964"]
[EventDate "2014.03.04"]
[PlyCount "123"]

1. d4 Nf6 2. c4 g6 3. Nc3 Bg7 4. e4 d6 5. Nf3 O-O 6. Bd3 e5 7. d5 c5 8. 
O-O Na6 9. h3 Rb8 10. Nh2 Nh5 11. Be2 Nf4 12. Bxf4 exf4 13. Qd2 g5 14. 
Rac1 Re8 15. Bf3 Nc7 16. Rfe1 a6 17. Qe2 b5 18. b3 b4 19. Nb1 Bf5 20. Nf1 
Bg6 21. Nfd2 Re7 22. Bh5 f5 23. Bxg6 hxg6 24. Qd3 Qe8 25. Kf1 Qf7 26. exf5
Rxe1+ 27. Rxe1 gxf5 28. a4 bxa3 29. Nxa3 Re8 30. Nc2 Rxe1+ 31. Nxe1 Qf6 
32. g4 fxg3 33. Qxg3 Kf7 34. Qf3 Kg6 35. Nc2 Qc3 36. Qxc3 Bxc3 37. Nf3 f4 
38. Ke2 Ne8 39. Kd3 Bg7 40. Nce1 Nf6 41. Nd2 Kf5 42. f3 Nd7 43. Ne4 Bf8 
44. Nc2 Be7 45. Ne1 Ne5+ 46. Ke2 Ng6 47. Ng2 Ke5 48. Kd3 Bd8 49. Kc3 a5 
50. Ne1 Be7 51. Ng2 Nh8 52. Kd3 Nf7 53. Ne1 Nh6 54. Ke2 Nf5 55. Kd3 Nd4 
56. Nd2 Nf5 57. Ne4 Nh4 58. Ke2 Bd8 59. Nd3+ Kd4 60. Nxd6 Kc3 61. Nb7 Nxf3
62. Kxf3 1-0